[Event "DEM U10w 2024"]
[Site "Willingen GER"]
[Date "2024.05.23"]
[Round "8"]
[White "Chen, Yuefan"]
[Black "Mandziuk, Varvara"]
[Result "1-0"]
[Termination "normal"]
[Board "4"]
[WhiteElo "1682"]
[BlackElo "1146"]
[WhiteClock "00:54:23"]
[BlackClock "00:47:10"]
[PlyCount "89"]
[WhiteFideId "34653910"]
[BlackFideId "34638016"]
[EventCountry "GER"]
[EventRounds "11"]
[EventType "swiss"]
[EventDate "2024.05.18"]

1. d4 {[%clk 01:15:59]} d5 {[%clk 01:15:54]} {[%emt 00:00:07]} 2. c4 {[%clk
01:16:25]} {[%emt 00:00:04]} e6 {[%clk 01:16:16]} {[%emt 00:00:08]} 3. Nc3
{[%clk 01:16:50]} {[%emt 00:00:04]} Nf6 {[%clk 01:16:38]} {[%emt 00:00:08]} 4.
cxd5 {[%clk 01:17:14]} {[%emt 00:00:06]} exd5 {[%clk 01:16:58]} {[%emt
00:00:10]} 5. Bg5 {[%clk 01:17:38]} {[%emt 00:00:06]} Bb4 {[%clk 01:17:11]}
{[%emt 00:00:17]} 6. e3 {[%clk 01:16:12]} {[%emt 00:01:57]} h6 {[%clk
01:17:26]} {[%emt 00:00:15]} 7. Bh4 {[%clk 01:13:23]} {[%emt 00:03:18]} g5
{[%clk 01:17:38]} {[%emt 00:00:18]} 8. Bg3 {[%clk 01:13:29]} {[%emt 00:00:24]}
Ne4 {[%clk 01:17:59]} {[%emt 00:00:10]} 9. Qb3 {[%clk 01:11:18]} {[%emt
00:02:41]} Nc6 {[%clk 01:15:42]} {[%emt 00:02:46]} 10. Bb5 {[%clk 01:09:01]}
{[%emt 00:02:47]} Bxc3+ {[%clk 01:11:57]} {[%emt 00:04:16]} 11. bxc3 {[%emt
00:07:54]} Be6 {[%clk 01:05:01]} {[%emt 00:00:10]} 12. Nf3 {[%clk 01:06:03]}
{[%emt 00:03:19]} f6 {[%clk 01:02:23]} {[%emt 00:03:09]} 13. Ba4 {[%clk
01:02:29]} {[%emt 00:04:04]} h5 {[%clk 01:01:42]} {[%emt 00:01:10]} 14. Qxb7
{[%clk 01:01:59]} {[%emt 00:01:01]} Nxg3 {[%clk 00:48:59]} {[%emt 00:13:12]}
15. hxg3 {[%clk 01:01:57]} {[%emt 00:00:32]} Rb8 {[%clk 00:47:50]} {[%emt
00:01:40]} 16. Bxc6+ {[%clk 01:00:58]} {[%emt 00:01:28]} Bd7 {[%clk 00:47:01]}
{[%emt 00:01:19]} 17. Bxd7+ {[%clk 01:01:13]} {[%emt 00:00:16]} Kxd7 {[%clk
00:47:17]} {[%emt 00:00:13]} 18. Qxd5+ {[%clk 01:01:33]} {[%emt 00:00:10]} Ke8
{[%clk 00:47:30]} {[%emt 00:00:17]} 19. Qxd8+ {[%clk 01:00:58]} {[%emt
00:01:05]} Rxd8 {[%clk 00:47:48]} {[%emt 00:00:11]} 20. Rb1 {[%clk 01:01:04]}
{[%emt 00:00:25]} g4 {[%clk 00:47:56]} {[%emt 00:00:22]} 21. Nh4 {[%clk
01:00:51]} {[%emt 00:00:43]} Kd7 {[%clk 00:47:48]} {[%emt 00:00:38]} 22. Ng6
{[%clk 01:00:35]} {[%emt 00:00:46]} Rhg8 {[%clk 00:47:55]} {[%emt 00:00:22]}
23. Nf4 {[%clk 01:00:47]} {[%emt 00:00:19]} Rg5 {[%clk 00:48:02]} {[%emt
00:00:20]} 24. Ke2 {[%clk 00:59:48]} {[%emt 00:01:33]} Ra5 {[%clk 00:48:10]}
{[%emt 00:00:21]} 25. Rb2 {[%clk 01:00:05]} {[%emt 00:00:14]} c5 {[%clk
00:48:18]} {[%emt 00:00:20]} 26. Rxh5 {[%clk 01:00:13]} {[%emt 00:00:23]} Rc8
{[%clk 00:48:27]} {[%emt 00:00:19]} 27. Rd2 {[%clk 00:59:21]} {[%emt 00:01:25]}
Ke7 {[%clk 00:48:21]} {[%emt 00:00:36]} 28. Rh7+ {[%clk 00:59:05]} {[%emt
00:00:45]} Kd6 {[%clk 00:48:11]} {[%emt 00:00:40]} 29. dxc5+ {[%clk 00:59:09]}
{[%emt 00:00:26]} Kxc5 {[%clk 00:48:29]} {[%emt 00:00:12]} 30. Rh5+ {[%clk
00:58:58]} {[%emt 00:00:41]} Kb6 {[%clk 00:48:43]} {[%emt 00:00:16]} 31. Rb2+
{[%clk 00:58:33]} {[%emt 00:00:54]} Ka6 {[%clk 00:48:56]} {[%emt 00:00:17]} 32.
Rh6 {[%clk 00:57:59]} {[%emt 00:01:04]} Rc6 {[%clk 00:48:53]} {[%emt 00:00:33]}
33. Nh5 {[%clk 00:57:33]} {[%emt 00:00:56]} Rb5 {[%clk 00:48:48]} {[%emt
00:00:34]} 34. Rxb5 {[%clk 00:57:11]} {[%emt 00:00:53]} Kxb5 {[%clk 00:49:09]}
{[%emt 00:00:09]} 35. Rxf6 {[%clk 00:56:28]} {[%emt 00:01:12]} Rxc3 {[%clk
00:49:24]} {[%emt 00:00:16]} 36. Rd6 {[%clk 00:55:20]} {[%emt 00:01:38]} a5
{[%clk 00:48:16]} {[%emt 00:01:38]} 37. Rd2 {[%clk 00:55:09]} {[%emt 00:00:41]}
a4 {[%clk 00:48:40]} {[%emt 00:00:06]} 38. Nf6 {[%clk 00:54:51]} {[%emt
00:00:47]} Rc4 {[%clk 00:48:30]} {[%emt 00:00:30]} 39. Ne8 {[%clk 00:54:24]}
{[%emt 00:01:08]} Rc1 {[%clk 00:48:33]} {[%emt 00:00:26]} 40. Nd6+ {[%clk
00:54:18]} {[%emt 00:00:37]} Kb4 {[%clk 00:48:52]} {[%emt 00:00:10]} 41. f3
{[%clk 00:53:51]} {[%emt 00:00:57]} gxf3+ {[%clk 00:48:02]} {[%emt 00:01:20]}
42. gxf3 {[%clk 00:54:14]} {[%emt 00:00:07]} Ka3 {[%clk 00:48:11]} {[%emt
00:00:21]} 43. Kd3 {[%clk 00:53:38]} {[%emt 00:01:05]} Rc7 {[%clk 00:46:52]}
{[%emt 00:01:48]} 44. Nb5+ {[%clk 00:53:59]} {[%emt 00:00:11]} Kb4 {[%clk
00:47:10]} {[%emt 00:00:12]} 45. Nxc7 {[%clk 00:54:23]} {[%emt 00:00:06]} 1-0

[Event "DEM U10w 2024"]
[Site "Willingen GER"]
[Date "2024.05.23"]
[Round "8"]
[White "Hendler, Felicitas"]
[Black "Tiuca, Emma"]
[Result "1/2-1/2"]
[Termination "normal"]
[Board "5"]
[WhiteElo "1645"]
[BlackElo "1516"]
[WhiteClock "00:05:05"]
[BlackClock "01:01:09"]
[PlyCount "120"]
[WhiteFideId "34616519"]
[BlackFideId "4007549"]
[EventCountry "GER"]
[EventRounds "11"]
[EventType "swiss"]
[EventDate "2024.05.18"]

1. e4 {[%clk 01:15:48]} {[%emt 00:00:10]} e6 {[%clk 01:15:44]} {[%emt
00:00:16]} 2. d4 {[%clk 01:15:53]} {[%emt 00:00:26]} d5 {[%clk 01:16:04]}
{[%emt 00:00:09]} 3. Nd2 {[%clk 01:15:14]} {[%emt 00:01:10]} dxe4 {[%clk
01:16:24]} {[%emt 00:00:10]} 4. Nxe4 {[%clk 01:15:34]} {[%emt 00:00:09]} Nd7
{[%clk 01:16:44]} {[%emt 00:00:11]} 5. Nf3 {[%clk 01:14:31]} {[%emt 00:01:33]}
Ngf6 {[%clk 01:17:00]} {[%emt 00:00:14]} 6. Nxf6+ {[%clk 01:13:48]} {[%emt
00:01:12]} Nxf6 {[%clk 01:17:17]} {[%emt 00:00:13]} 7. Bg5 {[%clk 01:08:50]}
{[%emt 00:05:29]} Be7 {[%clk 01:17:24]} {[%emt 00:00:22]} 8. Bd3 {[%clk
01:00:59]} {[%emt 00:08:22]} Bd7 {[%clk 01:16:24]} {[%emt 00:01:30]} 9. O-O
{[%clk 00:59:29]} {[%emt 00:02:01]} O-O {[%clk 01:16:09]} {[%emt 00:00:43]} 10.
c3 {[%clk 00:54:24]} {[%emt 00:05:37]} Rc8 {[%clk 01:10:44]} {[%emt 00:05:54]}
11. Bc2 {[%clk 00:48:05]} {[%emt 00:06:49]} Nd5 {[%clk 01:09:33]} {[%emt
00:01:18]} 12. Qd3 {[%clk 00:38:29]} {[%emt 00:10:29]} f5 {[%clk 01:09:47]}
{[%emt 00:00:16]} 13. Bxe7 {[%clk 00:38:30]} {[%emt 00:00:29]} Qxe7 {[%clk
01:09:59]} {[%emt 00:00:17]} 14. Ne5 {[%clk 00:29:54]} {[%emt 00:09:07]} Rfd8
{[%clk 01:07:22]} {[%emt 00:03:02]} 15. Rfe1 {[%clk 00:27:13]} {[%emt
00:03:16]} Qg5 {[%clk 01:01:12]} {[%emt 00:06:37]} 16. Qg3 {[%clk 00:20:18]}
{[%emt 00:07:27]} Qf6 {[%clk 01:00:01]} {[%emt 00:01:39]} 17. Nxd7 {[%clk
00:16:53]} {[%emt 00:03:57]} Rxd7 {[%clk 01:00:06]} {[%emt 00:00:25]} 18. Qe5
{[%clk 00:16:46]} {[%emt 00:00:37]} Qxe5 {[%clk 00:59:39]} {[%emt 00:00:58]}
19. Rxe5 {[%clk 00:17:04]} {[%emt 00:00:12]} Re7 {[%clk 00:59:16]} {[%emt
00:00:48]} 20. Rae1 {[%clk 00:17:17]} {[%emt 00:00:21]} Rce8 {[%clk 00:59:30]}
{[%emt 00:00:16]} 21. Bb3 {[%clk 00:16:59]} {[%emt 00:00:48]} c6 {[%clk
00:59:31]} {[%emt 00:00:27]} 22. c4 {[%clk 00:15:43]} {[%emt 00:01:50]} Nf4
{[%clk 00:59:17]} {[%emt 00:00:44]} 23. R1e3 {[%clk 00:14:10]} {[%emt
00:02:02]} Kh8 {[%clk 00:59:04]} {[%emt 00:00:40]} 24. d5 {[%clk 00:13:26]}
{[%emt 00:01:17]} Ng6 {[%clk 00:57:57]} {[%emt 00:01:37]} 25. Rxe6 {[%clk
00:13:09]} {[%emt 00:00:46]} c5 {[%clk 00:57:12]} {[%emt 00:01:15]} 26. Rxe7
{[%clk 00:13:17]} {[%emt 00:00:23]} Rxe7 {[%clk 00:57:12]} {[%emt 00:00:31]}
27. Rxe7 {[%clk 00:13:33]} {[%emt 00:00:13]} Nxe7 {[%clk 00:57:36]} {[%emt
00:00:05]} 28. Bc2 {[%clk 00:13:05]} {[%emt 00:00:58]} g6 {[%clk 00:57:58]}
{[%emt 00:00:09]} 29. b3 {[%clk 00:13:18]} {[%emt 00:00:17]} Kg7 {[%clk
00:58:11]} {[%emt 00:00:15]} 30. Kf1 {[%clk 00:13:21]} {[%emt 00:00:30]} Kf6
{[%clk 00:58:27]} {[%emt 00:00:13]} 31. f4 {[%clk 00:12:49]} {[%emt 00:01:03]}
a6 {[%clk 00:58:33]} {[%emt 00:00:24]} 32. Ke2 {[%clk 00:12:46]} {[%emt
00:00:32]} b5 {[%clk 00:58:39]} {[%emt 00:00:24]} 33. h3 {[%clk 00:12:31]}
{[%emt 00:00:46]} h5 {[%clk 00:58:50]} {[%emt 00:00:19]} 34. Kf3 {[%clk
00:12:09]} {[%emt 00:00:51]} g5 {[%clk 00:58:31]} {[%emt 00:00:49]} 35. g3
{[%clk 00:12:00]} {[%emt 00:00:39]} g4+ {[%clk 00:58:44]} {[%emt 00:00:17]} 36.
hxg4 {[%clk 00:12:09]} {[%emt 00:00:21]} hxg4+ {[%clk 00:59:03]} {[%emt
00:00:11]} 37. Ke3 {[%clk 00:12:19]} {[%emt 00:00:21]} Nc8 {[%clk 00:59:05]}
{[%emt 00:00:28]} 38. Kd3 {[%clk 00:12:23]} {[%emt 00:00:25]} b4 {[%clk
00:59:19]} {[%emt 00:00:17]} 39. Kd2 {[%clk 00:11:53]} {[%emt 00:01:00]} Nd6
{[%clk 00:59:30]} {[%emt 00:00:19]} 40. Ke3 {[%clk 00:11:21]} {[%emt 00:01:01]}
a5 {[%clk 00:59:45]} {[%emt 00:00:15]} 41. Bb1 {[%clk 00:11:39]} {[%emt
00:00:13]} Ne8 {[%clk 00:59:54]} {[%emt 00:00:15]} 42. Kf2 {[%clk 00:11:24]}
{[%emt 00:00:48]} Ng7 {[%clk 00:59:46]} {[%emt 00:00:39]} 43. Kg2 {[%clk
00:11:03]} {[%emt 00:00:52]} Ne8 {[%clk 00:59:42]} {[%emt 00:00:32]} 44. Kf2
{[%clk 00:07:51]} {[%emt 00:03:44]} Nd6 {[%clk 00:59:37]} {[%emt 00:00:35]} 45.
Ke3 {[%clk 00:07:42]} {[%emt 00:00:39]} Ke7 {[%clk 00:59:45]} {[%emt 00:00:22]}
46. Bc2 {[%clk 00:06:52]} {[%emt 00:01:20]} Kd7 {[%clk 00:59:37]} {[%emt
00:00:38]} 47. Kf2 {[%clk 00:05:15]} {[%emt 00:02:07]} Kc7 {[%clk 00:59:43]}
{[%emt 00:00:24]} 48. Ke2 {[%clk 00:05:29]} {[%emt 00:00:16]} Kb6 {[%clk
01:00:06]} {[%emt 00:00:08]} 49. Kf2 {[%clk 00:05:03]} {[%emt 00:00:56]} Kc7
{[%clk 00:59:35]} {[%emt 00:01:01]} 50. Ke3 {[%clk 00:05:18]} {[%emt 00:00:15]}
Kd7 {[%clk 00:59:54]} {[%emt 00:00:10]} 51. Bb1 {[%clk 00:05:12]} {[%emt
00:00:37]} Ke7 {[%clk 00:59:55]} {[%emt 00:00:30]} 52. Bc2 {[%clk 00:05:33]}
{[%emt 00:00:08]} Kf6 {[%clk 01:00:19]} {[%emt 00:00:05]} 53. Bb1 {[%clk
00:05:51]} {[%emt 00:00:12]} Ne8 {[%clk 00:59:41]} {[%emt 00:01:04]} 54. Bc2
{[%clk 00:05:54]} {[%emt 00:00:30]} Nd6 {[%clk 01:00:02]} {[%emt 00:00:10]} 55.
Bb1 {[%clk 00:06:02]} {[%emt 00:00:23]} Nc8 {[%clk 01:00:20]} {[%emt 00:00:05]}
56. Kd3 {[%clk 00:05:28]} {[%emt 00:01:10]} Nd6 {[%clk 01:00:34]} {[%emt
00:00:16]} 57. Ke3 {[%clk 00:05:30]} {[%emt 00:00:27]} Kg6 {[%clk 01:00:39]}
{[%emt 00:00:26]} 58. Bc2 {[%clk 00:04:59]} {[%emt 00:01:02]} Kf6 {[%clk
01:01:00]} {[%emt 00:00:08]} 59. Bb1 {[%clk 00:05:11]} {[%emt 00:00:18]} Nf7
{[%clk 01:01:12]} {[%emt 00:00:18]} 60. Bc2 {[%clk 00:05:05]} {[%emt 00:00:36]}
Nd6 {[%clk 01:01:09]} {[%emt 00:00:33]} 1/2-1/2

[Event "DEM U10w 2024"]
[Site "Willingen GER"]
[Date "2024.05.23"]
[Round "8"]
[White "Hleizer, Ahata"]
[Black "Ruddat, Maila"]
[Result "1-0"]
[Termination "normal"]
[Board "6"]
[WhiteElo "1610"]
[BlackElo "1522"]
[WhiteClock "00:46:58"]
[BlackClock "00:29:19"]
[PlyCount "101"]
[WhiteFideId "34643370"]
[BlackFideId "34628100"]
[EventCountry "GER"]
[EventRounds "11"]
[EventType "swiss"]
[EventDate "2024.05.18"]

1. e4 {[%clk 01:15:57]} {[%emt 00:00:02]} e5 {[%clk 01:15:35]} {[%emt
00:00:25]} 2. Nf3 {[%clk 01:16:09]} {[%emt 00:00:17]} Nc6 {[%clk 01:15:27]}
{[%emt 00:00:40]} 3. Nc3 {[%clk 01:16:16]} {[%emt 00:00:22]} Nf6 {[%clk
01:15:19]} {[%emt 00:00:38]} 4. d4 {[%clk 01:16:25]} {[%emt 00:00:20]} exd4
{[%clk 01:15:21]} {[%emt 00:00:29]} 5. Nxd4 {[%clk 01:16:28]} {[%emt 00:00:27]}
Bb4 {[%clk 01:13:43]} {[%emt 00:02:08]} 6. Nxc6 {[%clk 01:16:09]} {[%emt
00:00:48]} bxc6 {[%clk 01:13:53]} {[%emt 00:00:20]} 7. Bd3 {[%clk 01:15:53]}
{[%emt 00:00:46]} d5 {[%clk 01:13:36]} {[%emt 00:00:48]} 8. exd5 {[%clk
01:15:39]} {[%emt 00:00:43]} cxd5 {[%clk 01:12:39]} {[%emt 00:01:28]} 9. O-O
{[%clk 01:15:48]} {[%emt 00:00:19]} O-O {[%clk 01:12:23]} {[%emt 00:00:48]} 10.
Bg5 {[%clk 01:15:44]} {[%emt 00:00:34]} c6 {[%clk 01:12:28]} {[%emt 00:00:23]}
11. Qf3 {[%clk 01:15:21]} {[%emt 00:00:53]} Bd6 {[%clk 01:12:12]} {[%emt
00:00:46]} 12. h3 {[%clk 01:13:09]} {[%emt 00:02:42]} Rb8 {[%clk 01:10:41]}
{[%emt 00:02:03]} 13. b3 {[%clk 01:10:49]} {[%emt 00:02:50]} Be5 {[%clk
01:10:07]} {[%emt 00:01:03]} 14. Be2 {[%clk 01:08:02]} {[%emt 00:03:16]} Qa5
{[%clk 01:06:45]} {[%emt 00:03:47]} 15. Bd2 {[%clk 01:07:29]} {[%emt 00:01:10]}
d4 {[%clk 01:01:35]} {[%emt 00:05:40]} 16. Ne4 {[%clk 01:06:19]} {[%emt
00:01:40]} Qc7 {[%clk 00:57:46]} {[%emt 00:04:07]} 17. Nxf6+ {[%clk 01:04:21]}
{[%emt 00:02:39]} Bxf6 {[%clk 00:57:47]} {[%emt 00:00:30]} 18. Bf4 {[%clk
01:04:12]} {[%emt 00:00:38]} Be5 {[%clk 00:56:59]} {[%emt 00:01:16]} 19. Bxe5
{[%clk 01:02:29]} {[%emt 00:02:16]} Qxe5 {[%clk 00:56:46]} {[%emt 00:00:44]}
20. Bd3 {[%clk 01:01:26]} {[%emt 00:01:32]} Bb7 {[%clk 00:55:32]} {[%emt
00:01:41]} 21. Rfe1 {[%clk 01:00:51]} {[%emt 00:01:05]} Qg5 {[%clk 00:55:01]}
{[%emt 00:00:58]} 22. Qf5 {[%clk 00:58:14]} {[%emt 00:03:12]} Qxf5 {[%clk
00:52:56]} {[%emt 00:02:36]} 23. Bxf5 {[%clk 00:57:32]} {[%emt 00:01:12]} Rfe8
{[%clk 00:52:03]} {[%emt 00:01:23]} 24. Bd7 {[%clk 00:53:32]} {[%emt 00:04:31]}
Red8 {[%clk 00:50:28]} {[%emt 00:02:03]} 25. Bg4 {[%clk 00:51:34]} {[%emt
00:02:29]} c5 {[%clk 00:50:29]} {[%emt 00:00:29]} 26. Re5 {[%clk 00:49:55]}
{[%emt 00:02:07]} Rd5 {[%clk 00:44:19]} {[%emt 00:06:41]} 27. Rae1 {[%clk
00:49:18]} {[%emt 00:01:08]} f6 {[%clk 00:40:55]} {[%emt 00:03:51]} 28. Be6+
{[%clk 00:49:39]} {[%emt 00:00:13]} Kf8 {[%clk 00:40:59]} {[%emt 00:00:24]} 29.
Rxd5 {[%clk 00:49:42]} {[%emt 00:00:29]} Bxd5 {[%clk 00:41:04]} {[%emt
00:00:25]} 30. Bxd5 {[%clk 00:50:05]} {[%emt 00:00:08]} Rd8 {[%clk 00:41:08]}
{[%emt 00:00:24]} 31. Be4 {[%clk 00:49:13]} {[%emt 00:01:21]} Re8 {[%clk
00:41:20]} {[%emt 00:00:19]} 32. Kf1 {[%clk 00:49:10]} {[%emt 00:00:33]} g6
{[%clk 00:40:35]} {[%emt 00:01:13]} 33. Bd3 {[%clk 00:49:01]} {[%emt 00:00:40]}
Rc8 {[%clk 00:40:05]} {[%emt 00:00:57]} 34. Re6 {[%clk 00:48:42]} {[%emt
00:00:52]} Kf7 {[%clk 00:36:40]} {[%emt 00:03:54]} 35. Bc4 {[%clk 00:47:41]}
{[%emt 00:01:33]} Kg7 {[%clk 00:35:48]} {[%emt 00:01:23]} 36. Re7+ {[%clk
00:47:33]} {[%emt 00:00:36]} Kh6 {[%clk 00:33:40]} {[%emt 00:02:38]} 37. Rxa7
{[%clk 00:47:03]} {[%emt 00:01:02]} Re8 {[%clk 00:33:19]} {[%emt 00:00:48]} 38.
a4 {[%clk 00:46:01]} {[%emt 00:01:34]} Rb8 {[%clk 00:32:49]} {[%emt 00:01:01]}
39. Rc7 {[%clk 00:45:59]} {[%emt 00:00:32]} Rd8 {[%clk 00:32:41]} {[%emt
00:00:38]} 40. Rxc5 {[%clk 00:46:00]} {[%emt 00:00:27]} f5 {[%clk 00:32:29]}
{[%emt 00:00:43]} 41. a5 {[%clk 00:45:18]} {[%emt 00:01:12]} Ra8 {[%clk
00:32:36]} {[%emt 00:00:21]} 42. a6 {[%clk 00:45:31]} {[%emt 00:00:20]} Kg5
{[%clk 00:31:59]} {[%emt 00:01:06]} 43. Rc7 {[%clk 00:45:27]} {[%emt 00:00:32]}
Kh6 {[%clk 00:32:03]} {[%emt 00:00:28]} 44. a7 {[%clk 00:45:49]} {[%emt
00:00:09]} Kg5 {[%clk 00:31:29]} {[%emt 00:01:03]} 45. Bd5 {[%clk 00:46:06]}
{[%emt 00:00:13]} Rd8 {[%clk 00:30:56]} {[%emt 00:01:03]} 46. Rd7 {[%clk
00:46:08]} {[%emt 00:00:28]} Rxd7 {[%clk 00:29:55]} {[%emt 00:01:31]} 47. a8=Q
{[%clk 00:46:19]} {[%emt 00:00:19]} Rxd5 {[%clk 00:29:56]} {[%emt 00:00:29]}
48. Qxd5 {[%clk 00:46:34]} {[%emt 00:00:15]} h6 {[%clk 00:30:06]} {[%emt
00:00:20]} 49. g3 {[%clk 00:46:44]} {[%emt 00:00:19]} Kh5 {[%clk 00:29:33]}
{[%emt 00:01:02]} 50. Qxd4 {[%clk 00:46:40]} {[%emt 00:00:37]} Kg5 {[%clk
00:29:19]} {[%emt 00:00:42]} 51. Qh4# {[%clk 00:46:58]} {[%emt 00:00:12]} 1-0

[Event "DEM U10w 2024"]
[Site "Willingen GER"]
[Date "2024.05.23"]
[Round "8"]
[White "Müller, Greta Waltraud"]
[Black "Goyush, Shams"]
[Result "0-1"]
[Termination "normal"]
[Board "7"]
[WhiteElo "1224"]
[BlackElo "996"]
[WhiteClock "00:11:21"]
[BlackClock "00:36:40"]
[PlyCount "88"]
[EventCountry "GER"]
[EventRounds "11"]
[EventType "swiss"]
[EventDate "2024.05.18"]

1. e4 {[%clk 01:15:54]} {[%emt 00:00:06]} e6 {[%clk 01:15:53]} {[%emt
00:00:06]} 2. d4 {[%clk 01:16:13]} {[%emt 00:00:11]} d5 {[%clk 01:16:15]}
{[%emt 00:00:08]} 3. Nc3 {[%clk 01:13:31]} {[%emt 00:03:13]} Bb4 {[%clk
01:16:07]} {[%emt 00:00:36]} 4. f3 {[%clk 01:11:17]} {[%emt 00:02:46]} Ne7
{[%clk 01:13:38]} {[%emt 00:02:56]} 5. Nge2 {[%clk 01:03:54]} {[%emt 00:07:46]}
Ng6 {[%clk 01:09:28]} {[%emt 00:04:46]} 6. a3 {[%clk 00:59:00]} {[%emt
00:05:26]} Bxc3+ {[%clk 01:04:07]} {[%emt 00:05:51]} 7. Nxc3 {[%clk 00:57:46]}
{[%emt 00:01:44]} O-O {[%clk 01:00:30]} {[%emt 00:04:05]} 8. Be2 {[%clk
00:51:50]} {[%emt 00:06:28]} f5 {[%clk 00:56:37]} {[%emt 00:04:21]} 9. exd5
{[%clk 00:48:39]} {[%emt 00:03:43]} exd5 {[%clk 00:56:33]} {[%emt 00:00:33]}
10. O-O {[%clk 00:46:59]} {[%emt 00:02:04]} Nc6 {[%clk 00:52:14]} {[%emt
00:04:52]} 11. Re1 {[%clk 00:45:12]} {[%emt 00:02:21]} Re8 {[%clk 00:42:45]}
{[%emt 00:09:58]} 12. b3 {[%clk 00:44:12]} {[%emt 00:01:32]} f4 {[%clk
00:36:42]} {[%emt 00:06:27]} 13. Nxd5 {[%clk 00:42:58]} {[%emt 00:01:49]} Rxe2
{[%clk 00:31:35]} {[%emt 00:05:36]} 14. Qxe2 {[%clk 00:40:41]} {[%emt
00:02:49]} Qxd5 {[%clk 00:30:32]} {[%emt 00:01:32]} 15. Bxf4 {[%clk 00:35:53]}
{[%emt 00:05:18]} Qxd4+ {[%clk 00:28:15]} {[%emt 00:02:42]} 16. Qe3 {[%clk
00:32:10]} {[%emt 00:04:19]} Nxf4 {[%clk 00:27:09]} {[%emt 00:01:34]} 17. Qxd4
{[%clk 00:32:27]} {[%emt 00:00:15]} Nxd4 {[%clk 00:27:23]} {[%emt 00:00:14]}
18. Re4 {[%clk 00:31:08]} {[%emt 00:01:48]} Nfe6 {[%clk 00:25:47]} {[%emt
00:02:07]} 19. Rd1 {[%clk 00:30:32]} {[%emt 00:01:07]} Nxc2 {[%clk 00:24:35]}
{[%emt 00:01:43]} 20. a4 {[%clk 00:28:28]} {[%emt 00:02:34]} Nc5 {[%clk
00:23:41]} {[%emt 00:01:18]} 21. Rf4 {[%clk 00:27:44]} {[%emt 00:01:17]} Be6
{[%clk 00:22:37]} {[%emt 00:01:31]} 22. g4 {[%clk 00:23:57]} {[%emt 00:04:22]}
Rf8 {[%clk 00:21:00]} {[%emt 00:02:07]} 23. Rxf8+ {[%emt 00:00:56]} Kxf8 {[%emt
00:00:18]} 24. Rd8+ {[%clk 00:22:15]} {[%emt 00:00:58]} Kf7 {[%clk 00:20:33]}
{[%emt 00:00:57]} 25. Ra8 {[%clk 00:21:46]} {[%emt 00:00:58]} a6 {[%clk
00:20:40]} {[%emt 00:00:25]} 26. Rd8 {[%clk 00:21:31]} {[%emt 00:00:45]} Bxb3
{[%clk 00:20:16]} {[%emt 00:00:54]} 27. a5 {[%clk 00:16:47]} {[%emt 00:05:14]}
Ne6 {[%clk 00:19:06]} {[%emt 00:01:34]} 28. Rd7+ {[%clk 00:17:08]} {[%emt
00:00:14]} Kf6 {[%clk 00:19:15]} {[%emt 00:00:21]} 29. Rd3 {[%clk 00:15:57]}
{[%emt 00:01:28]} Ba4 {[%clk 00:18:53]} {[%emt 00:01:05]} 30. Rd2 {[%clk
00:15:14]} {[%emt 00:00:47]} Ned4 {[%clk 00:19:00]} {[%emt 00:00:49]} 31. Rd3
{[%clk 00:07:30]} {[%emt 00:07:42]} c5 {[%clk 00:19:05]} {[%emt 00:00:58]} 32.
Rc3 {[%clk 00:03:15]} {[%emt 00:04:32]} Ne2+ {[%emt 00:00:33]} 33. Kf2 {[%clk
00:00:31]} {[%emt 00:02:57]} Nxc3 {[%clk 00:19:51]} {[%emt 00:00:12]} 34. Kg3
{[%clk 00:00:31]} {[%emt 00:00:30]} c4 {[%clk 00:20:09]} {[%emt 00:00:11]} 35.
f4 {[%clk 00:00:35]} {[%emt 00:00:26]} Nd1 {[%clk 00:20:21]} {[%emt 00:00:16]}
36. g5+ {[%clk 00:00:32]} {[%emt 00:00:36]} Kf5 {[%clk 00:20:22]} {[%emt
00:00:28]} 37. h4 {[%clk 00:00:33]} {[%emt 00:00:29]} c3 {[%clk 00:20:39]}
{[%emt 00:00:13]} 38. h5 {[%clk 00:00:32]} {[%emt 00:00:30]} Ne1 {[%clk
00:20:52]} {[%emt 00:00:16]} 39. h6 {[%clk 00:00:31]} {[%emt 00:00:33]} gxh6
{[%clk 00:20:58]} {[%emt 00:00:24]} 40. gxh6 {[%clk 00:00:45]} {[%emt
00:00:16]} c2 {[%clk 00:21:17]} {[%emt 00:00:10]} 41. Kh3 {[%clk 00:14:55]}
{[%emt 00:01:11]} c1=Q {[%clk 00:36:28]} {[%emt 00:00:28]} 42. Kh2 {[%clk
00:11:49]} {[%emt 00:03:30]} Qxf4+ {[%clk 00:36:34]} {[%emt 00:00:30]} 43. Kh1
{[%clk 00:11:21]} {[%emt 00:00:55]} Qf3+ {[%clk 00:36:40]} {[%emt 00:00:27]}
44. Kh2 {[%clk 00:11:21]} {[%emt 00:00:28]} Qg2# {[%emt 00:00:12]} 0-1